Statistics for French Antonyms

Click here to take the quiz!

General Stats

  • This quiz has been taken 15,137 times
  • The average score is 14 of 20

Answer Stats

Word Antonym % Correct
OuiNon
96%
BlancNoir
94%
PetitGrand
93%
NordSud
86%
HommeFemme
85%
FroidChaud
81%
DroiteGauche
78%
JourNuit
75%
FacileDifficile
74%
HiverÉté
66%
OuvertFermé
65%
MoinsPlus
62%
AvantAprès
60%
Un PeuBeaucoup
60%
ToujoursJamais
58%
HierDemain
57%
JeuneVieux
57%
LongCourt
48%
SurSous
42%
Bon MarchéCher
31%

Score Distribution

Percentile by Number Answered

Percent of People with Each Score

Your Score History

You have not taken this quiz